Lala Hardev Sahai (Strot Samagri) (Record no. 11126)

MARC details
000 -LEADER
fixed length control field 00399nam a22001697a 4500
003 - CONTROL NUMBER IDENTIFIER
control field OSt
008 - FIXED-LENGTH DATA ELEMENTS--GENERAL INFORMATION
fixed length control field 220409b ||||| |||| 00| 0 eng d
020 ## - INTERNATIONAL STANDARD BOOK NUMBER
International Standard Book Number 9788191080544
082 ## - DEWEY DECIMAL CLASSIFICATION NUMBER
Classification number 927.254 JNL
100 ## - MAIN ENTRY--PERSONAL NAME
Personal name JUNEJA, M M
245 ## - TITLE STATEMENT
Title Lala Hardev Sahai (Strot Samagri)
250 ## - EDITION STATEMENT
Edition statement 1st
260 ## - PUBLICATION, DISTRIBUTION, ETC. (IMPRINT)
Place of publication, distribution, etc Panchukala
Name of publisher, distributor, etc Modern Pub
Date of publication, distribution, etc 2011
300 ## - PHYSICAL DESCRIPTION
Extent 436
650 ## - SUBJECT ADDED ENTRY--TOPICAL TERM
Topical term or geographic name as entry element General Book
942 ## - ADDED ENTRY ELEMENTS (KOHA)
Source of classification or shelving scheme Dewey Decimal Classification
Koha item type Text Books
Holdings
Withdrawn status Lost status Source of classification or shelving scheme Damaged status Not for loan Collection code Home library Current library Date acquired Source of acquisition Currency Cost, normal purchase price Bill Number Total Checkouts Full call number Acc. no. / Barcode Date last seen Actual Cost, discounted price Bill Date Koha item type Public note
    Dewey Decimal Classification     GENERAL PIET C-LIBRARY PIET C-LIBRARY 04/04/2022 Kirti Praskshan IN Rupees 600.00 714   927.254 JNL 33536 09/04/2022 450.00 04/04/2022 Text Books Motivational

Design & Developed by: PIET Central Library
R70 Miles Stone Pattikalyana Samalkha Panipat 132102
mail ID :- [email protected], Phone No:- 0180-2569700 Ex.216